[Event "15. Sueder Sommerpokal 2005"]
[Site "Recklinghausen GER"]
[Date "2005.08.01"]
[Round "1.30"]
[White "Kuhn, Oliver"]
[Black "Michalicek, Roland"]
[Result "0-1"]
[WhiteElo "1466"]
[BlackElo "1733"]
[PlyCount "32"]
[EventDate "2005.08.01"]
[EventType "swiss"]
[EventRounds "9"]
[EventCountry "GER"]
[Source "lmi"]
[SourceDate "2005.08.02"]

1. e4 e5 2. Nf3 Nf6 3. Nc3 Bb4 4. Nd5 Nxd5 5. exd5 e4 6. Nd4 Qf6 7. c3 Bc5 8.
Qe2 Bxd4 9. cxd4 Qxd4 10. f3 Qxd5 11. fxe4 Qe5 12. Rb1 O-O 13. b3 Re8 14. d3 d5
15. Qe3 d4 16. Qf3 Qa5+ 0-1

[Event "15. Sueder Sommerpokal 2005"]
[Site "Recklinghausen GER"]
[Date "2005.08.01"]
[Round "1.31"]
[White "Reinholz, Benjamin"]
[Black "Rodig, Claus"]
[Result "1-0"]
[WhiteElo "1712"]
[BlackElo "1439"]
[PlyCount "51"]
[EventDate "2005.08.01"]
[EventType "swiss"]
[EventRounds "9"]
[EventCountry "GER"]
[Source "lmi"]
[SourceDate "2005.08.02"]

1. e4 d6 2. d4 Nf6 3. Nc3 g6 4. Be3 Bg7 5. Bc4 Nbd7 6. Nge2 O-O 7. Ng3 c6 8. h4
h5 9. Qd2 Nb6 10. Bd3 Ng4 11. O-O-O Nxe3 12. Qxe3 e5 13. dxe5 dxe5 14. Nge2 Kh7
15. g3 Bh6 16. f4 Bg4 17. Kb1 Qc7 18. Rdf1 c5 19. Ng1 Rad8 20. Nh3 Bxh3 21.
Rxh3 c4 22. Be2 Qd7 23. Rh2 Rfe8 24. Qf3 f5 25. Rd1 fxe4 26. Rxd7+ 1-0

[Event "15. Sueder Sommerpokal 2005"]
[Site "Recklinghausen GER"]
[Date "2005.08.01"]
[Round "1.32"]
[White "Bashylin, Vsevolod"]
[Black "Knack, Willi"]
[Result "1/2-1/2"]
[WhiteElo "1362"]
[BlackElo "1700"]
[PlyCount "50"]
[EventDate "2005.08.01"]
[EventType "swiss"]
[EventRounds "9"]
[EventCountry "GER"]
[Source "lmi"]
[SourceDate "2005.08.02"]

1. e4 e6 2. d4 d5 3. e5 c5 4. Qg4 Nc6 5. Nf3 cxd4 6. Bd3 Nb4 7. O-O Nxd3 8.
cxd3 Qb6 9. b3 Ne7 10. Re1 Nf5 11. Bb2 Bd7 12. Nxd4 Nxd4 13. Bxd4 Qb4 14. Nc3
Bc5 15. Qxg7 O-O-O 16. Bxc5 Qxc5 17. Rac1 Kb8 18. Ne2 Qb6 19. Rc3 Rhg8 20. Qf6
d4 21. Rc2 Bc6 22. Ng3 Qb4 23. Rec1 Qb5 24. Rd1 Qd5 25. f3 Qd7 1/2-1/2

[Event "15. Sueder Sommerpokal 2005"]
[Site "Recklinghausen GER"]
[Date "2005.08.01"]
[Round "1.33"]
[White "Kappler, Thomas"]
[Black "Klees, Robert"]
[Result "1-0"]
[WhiteElo "1688"]
[BlackElo "1296"]
[PlyCount "37"]
[EventDate "2005.08.01"]
[EventType "swiss"]
[EventRounds "9"]
[EventCountry "GER"]
[Source "lmi"]
[SourceDate "2005.08.02"]

1. d4 Nf6 2. c4 e5 3. dxe5 Ng4 4. b3 Bc5 5. e3 Nxe5 6. Bb2 Qe7 7. Nc3 Bb4 8. a3
Bxc3+ 9. Bxc3 O-O 10. Nf3 Nbc6 11. Be2 Qf6 12. Qc2 d6 13. Nxe5 Nxe5 14. f4 Bf5
15. Qb2 Qg6 16. fxe5 Qxg2 17. O-O-O dxe5 18. Bxe5 Rad8 19. Rhg1 1-0

[Event "15. Sueder Sommerpokal 2005"]
[Site "Recklinghausen GER"]
[Date "2005.08.01"]
[Round "1.34"]
[White "Mundorf, Johannes"]
[Black "Senay, Baris"]
[Result "0-1"]
[WhiteElo "1253"]
[BlackElo "1659"]
[PlyCount "30"]
[EventDate "2005.08.01"]
[EventType "swiss"]
[EventRounds "9"]
[EventCountry "GER"]
[Source "lmi"]
[SourceDate "2005.08.02"]

1. e4 c5 2. Nf3 e6 3. d4 cxd4 4. Nxd4 Nf6 5. Nc3 Nc6 6. Be3 Bb4 7. Bd3 d5 8.
Bb5 Bd7 9. Nxc6 bxc6 10. Be2 Nxe4 11. Qd4 Bxc3+ 12. bxc3 f6 13. f3 c5 14. Qd3
c4 15. Qd4 Nd6 0-1

[Event "15. Sueder Sommerpokal 2005"]
[Site "Recklinghausen GER"]
[Date "2005.08.01"]
[Round "1.35"]
[White "Bosau, Jens"]
[Black "Glahn, Michael"]
[Result "1-0"]
[WhiteElo "1657"]
[BlackElo "1234"]
[PlyCount "55"]
[EventDate "2005.08.01"]
[EventType "swiss"]
[EventRounds "9"]
[EventCountry "GER"]
[Source "lmi"]
[SourceDate "2005.08.02"]

1. d4 Nf6 2. c4 e6 3. Nc3 Bb4 4. a3 Bxc3+ 5. bxc3 b6 6. Bg5 Bb7 7. f3 h6 8. Bh4
d5 9. cxd5 exd5 10. e3 a6 11. Bd3 Qd6 12. Ne2 Nbd7 13. Bg3 Qc6 14. Qc2 b5 15.
O-O O-O 16. Rfe1 Qb6 17. Rab1 c5 18. a4 c4 19. Bf5 Bc6 20. Nf4 Qa5 21. axb5
axb5 22. e4 Qd8 23. e5 Ne8 24. e6 fxe6 25. Bxe6+ Kh8 26. Ng6+ Kh7 27. Nxf8+ Kh8
28. Qh7# 1-0

[Event "15. Sueder Sommerpokal 2005"]
[Site "Recklinghausen GER"]
[Date "2005.08.01"]
[Round "1.36"]
[White "Thiem, Simon"]
[Black "Kartsev, Alexandr"]
[Result "0-1"]
[WhiteElo "1155"]
[BlackElo "1647"]
[PlyCount "39"]
[EventDate "2005.08.01"]
[EventType "swiss"]
[EventRounds "9"]
[EventCountry "GER"]
[Source "lmi"]
[SourceDate "2005.08.02"]

1. d4 f5 2. g3 Nf6 3. Bg2 g6 4. Nf3 Bg7 5. O-O O-O 6. b4 d6 7. Qd3 e5 8. dxe5
Nfd7 9. Qd5+ Kh8 10. Ng5 Nxe5 11. c3 Qe7 12. f4 Nf7 13. Nxf7+ Rxf7 14. Qd2 Nc6
15. Bb2 a6 16. Na3 Rb8 17. c4 Bxb2 18. Qxb2+ Qf6 19. Qxf6+ Rxf6 20. Nc2 0-1

[Event "15. Sueder Sommerpokal 2005"]
[Site "Recklinghausen GER"]
[Date "2005.08.01"]
[Round "1.37"]
[White "Riesenbeck, Marten"]
[Black "Plotkin, Alex"]
[Result "1-0"]
[WhiteElo "1647"]
[BlackElo "1121"]
[PlyCount "37"]
[EventDate "2005.08.01"]
[EventType "swiss"]
[EventRounds "9"]
[EventCountry "GER"]
[Source "lmi"]
[SourceDate "2005.08.02"]

1. d4 f5 2. c4 Nf6 3. Nc3 g6 4. e3 Bg7 5. Nf3 O-O 6. Qb3 d6 7. Be2 Qe8 8. c5+
Kh8 9. cxd6 cxd6 10. Nb5 Na6 11. Bd2 Bd7 12. Rc1 Bxb5 13. Bxb5 Qf7 14. Bc4 d5
15. Qxb7 dxc4 16. Qxa6 Rfc8 17. Ne5 Qd5 18. f3 Qd6 19. Nf7+ 1-0

[Event "15. Sueder Sommerpokal 2005"]
[Site "Recklinghausen GER"]
[Date "2005.08.01"]
[Round "1.38"]
[White "Berger, Nadja"]
[Black "Bensch, Arnold Heinrich"]
[Result "0-1"]
[WhiteElo "771"]
[BlackElo "1632"]
[PlyCount "26"]
[EventDate "2005.08.01"]
[EventType "swiss"]
[EventRounds "9"]
[EventCountry "GER"]
[Source "lmi"]
[SourceDate "2005.08.02"]

1. d4 d5 2. Bf4 a6 3. e3 Nf6 4. Nd2 c6 5. c3 Qb6 6. Rb1 Bf5 7. Ra1 Qxb2 8. Ngf3
e6 9. Ne5 Ba3 10. h3 Bc2 11. Qe2 Qxa1+ 12. Nb1 Qxb1+ 13. Qd1 Qxd1# 0-1

[Event "15. Sueder Sommerpokal 2005"]
[Site "Recklinghausen GER"]
[Date "2005.08.02"]
[Round "2.1"]
[White "Mikhaletz, Lubomir"]
[Black "Hortsch-Stoyanov, Peter"]
[Result "1-0"]
[WhiteElo "2451"]
[BlackElo "2263"]
[PlyCount "97"]
[EventDate "2005.08.01"]
[EventType "swiss"]
[EventRounds "9"]
[EventCountry "GER"]
[Source "lmi"]
[SourceDate "2005.08.02"]

1. e4 e5 2. Nf3 Nf6 3. Nc3 d6 4. d4 Nbd7 5. g3 Be7 6. Bg2 O-O 7. h3 c6 8. a4
Re8 9. O-O Bf8 10. Re1 b6 11. Be3 a6 12. Qd2 Qc7 13. Nh4 Bb7 14. Nf5 exd4 15.
Qxd4 c5 16. Qd3 Ne5 17. Qf1 h6 18. Rad1 Ng6 19. Bc1 Rad8 20. Ne3 Qb8 21. Nc4
Bc6 22. b3 Ne5 23. Nxe5 Rxe5 24. Qxa6 Rde8 25. f3 R5e6 26. Qf1 g5 27. Qf2 Bg7
28. Bf1 Nh5 29. Nd5 Bxd5 30. Rxd5 Be5 31. f4 gxf4 32. gxf4 Nxf4 33. Bxf4 Rf6
34. Rxe5 dxe5 35. Qg2+ Kh8 36. Bg3 Rg8 37. Re3 Qd6 38. Kh2 Qd1 39. Bd3 Qh5 40.
Qe2 Qg5 41. Rf3 Rf4 42. Qf2 Rxf3 43. Qxf3 f6 44. h4 Qg6 45. Bc4 Rd8 46. Bd5 Kg7
47. h5 Qg5 48. Kh3 Kf8 49. Bh4 1-0

[Event "15. Sueder Sommerpokal 2005"]
[Site "Recklinghausen GER"]
[Date "2005.08.02"]
[Round "2.2"]
[White "Jähnisch, Frank"]
[Black "Mainka, Romuald"]
[Result "0-1"]
[WhiteElo "2241"]
[BlackElo "2446"]
[PlyCount "96"]
[EventDate "2005.08.01"]
[EventType "swiss"]
[EventRounds "9"]
[EventCountry "GER"]
[Source "lmi"]
[SourceDate "2005.08.02"]

1. d4 f5 2. g3 Nf6 3. Bg2 g6 4. Nf3 Bg7 5. O-O O-O 6. c4 d6 7. Nc3 Qe8 8. Re1
Qf7 9. b3 Ne4 10. Bb2 Nc6 11. Rc1 Nxc3 12. Bxc3 e5 13. Nxe5 dxe5 14. Bd5 Be6
15. Bxe6 Qxe6 16. d5 Qd7 17. dxc6 Qxc6 18. Qc2 h5 19. Rcd1 f4 20. f3 Rae8 21.
Rd5 e4 22. Bxg7 Kxg7 23. Qc3+ Kh6 24. Red1 exf3 25. Qxf3 Re3 26. Qf2 Qe6 27.
gxf4 Rxe2 28. Qg3 Qe3+ 29. Qxe3 Rxe3 30. R1d2 Rxf4 31. Rd7 h4 32. R7d4 Rxd4 33.
Rxd4 g5 34. Rd7 Re2 35. Rxc7 Rxa2 36. Rxb7 g4 37. Rb5 a6 38. Rd5 h3 39. Rd3
Rg2+ 40. Kh1 Rc2 41. Kg1 Kg5 42. Re3 Kf4 43. Rd3 a5 44. Rd5 Rg2+ 45. Kh1 Rb2
46. Kg1 Rxb3 47. Rxa5 Rb1+ 48. Kf2 Rh1 0-1

[Event "15. Sueder Sommerpokal 2005"]
[Site "Recklinghausen GER"]
[Date "2005.08.02"]
[Round "2.3"]
[White "Souleidis, Georgios"]
[Black "Kreslawski, Raimond"]
[Result "1-0"]
[WhiteElo "2410"]
[BlackElo "2245"]
[PlyCount "79"]
[EventDate "2005.08.01"]
[EventType "swiss"]
[EventRounds "9"]
[EventCountry "GER"]
[Source "lmi"]
[SourceDate "2005.08.02"]

1. e4 c5 2. Nf3 Nc6 3. Bb5 g6 4. Bxc6 dxc6 5. d3 Bg7 6. h3 Nf6 7. Nc3 Nd7 8.
Be3 e5 9. Qd2 Qe7 10. Bh6 Bxh6 11. Qxh6 f6 12. O-O-O Nf8 13. Nh4 Rg8 14. g3 Ne6
15. Qe3 Nd4 16. f4 Be6 17. Nf3 O-O-O 18. Rdf1 exf4 19. gxf4 Rge8 20. Kb1 Qc7
21. Nd2 b6 22. Rfg1 Qf7 23. h4 Kb7 24. Qf2 Nb5 25. Nxb5 cxb5 26. a3 Bd7 27. h5
Bc6 28. hxg6 hxg6 29. Rh6 Rg8 30. Qe3 Rdf8 31. Nf3 Qg7 32. Rh3 Rh8 33. Rhg3
Rfg8 34. d4 cxd4 35. Nxd4 Qe7 36. e5 Bd5 37. Nxb5 fxe5 38. fxe5 Rh5 39. Rg5 Re8
40. Qd4 1-0

[Event "15. Sueder Sommerpokal 2005"]
[Site "Recklinghausen GER"]
[Date "2005.08.02"]
[Round "2.4"]
[White "Ciornei, Dragos"]
[Black "Savchenko, Vyacheslav"]
[Result "0-1"]
[WhiteElo "2198"]
[BlackElo "2387"]
[PlyCount "104"]
[EventDate "2005.08.01"]
[EventType "swiss"]
[EventRounds "9"]
[EventCountry "GER"]
[Source "lmi"]
[SourceDate "2005.08.02"]

1. e4 e5 2. Nf3 Nf6 3. d4 Nxe4 4. Bd3 d5 5. Nxe5 Nd7 6. Nxd7 Bxd7 7. O-O Qh4 8.
c4 O-O-O 9. c5 g5 10. Nc3 Bg7 11. Ne2 Rhe8 12. Be3 Nf6 13. c6 Bxc6 14. Rc1 Rd6
15. Qc2 Ng4 16. Bf5+ Kb8 17. Bxg4 Qxg4 18. Ng3 Rg6 19. b4 Qd7 20. Rfe1 h6 21.
Nf5 Bf8 22. a3 Rge6 23. f3 Bb5 24. g4 a6 25. Bf2 Rc6 26. Qd2 Rxc1 27. Qxc1 Bd3
28. Rxe8+ Qxe8 29. Bg3 Qc6 30. Qe3 Bxf5 31. gxf5 Ka7 32. Be5 Qc2 33. f6 Kb6 34.
Bg3 Qb1+ 35. Kg2 Qc2+ 36. Kg1 Qf5 37. Be5 h5 38. Qc3 Bd6 39. a4 Qb1+ 40. Kg2
Qxb4 41. Qe3 Qb2+ 42. Kh3 Qa3 43. Qxg5 Qxf3+ 44. Kh4 Bxe5 45. dxe5 d4 46. e6
fxe6 47. h3 Qf2+ 48. Kxh5 d3 49. Qe5 d2 50. Qb2+ Ka7 51. Qc2 Qf5+ 52. Qxf5 exf5
0-1

[Event "15. Sueder Sommerpokal 2005"]
[Site "Recklinghausen GER"]
[Date "2005.08.02"]
[Round "2.5"]
[White "Halasz, Tamas"]
[Black "Viebahn, Dirk"]
[Result "0-1"]
[WhiteElo "2385"]
[BlackElo "2063"]
[PlyCount "175"]
[EventDate "2005.08.01"]
[EventType "swiss"]
[EventRounds "9"]
[EventCountry "GER"]
[Source "lmi"]
[SourceDate "2005.08.02"]

1. d4 Nf6 2. Nf3 g6 3. c4 Bg7 4. Nc3 d5 5. Bg5 Ne4 6. cxd5 Nxg5 7. Nxg5 e6 8.
Qd2 h6 9. Nh3 exd5 10. Nf4 O-O 11. g3 c5 12. dxc5 d4 13. Ne4 b6 14. Bg2 Nc6 15.
O-O Rb8 16. Rac1 bxc5 17. Nxc5 Ne7 18. Rfd1 Bf5 19. b3 g5 20. Nh5 Bh8 21. h3
Bg6 22. Bf3 Nd5 23. Rc4 Nc3 24. Rc1 Qe7 25. e3 dxe3 26. fxe3 Rbd8 27. Qf2 Nb1
28. Ne4 Na3 29. Rc7 Qe5 30. R7c5 Qe7 31. Rc7 Qe5 32. Nd2 Qa5 33. Nf1 Nb5 34.
R7c5 Qa3 35. Kh1 Bb2 36. Rxb5 Bxc1 37. Nf6+ Kg7 38. Nd5 Qb2 39. Qxb2+ Bxb2 40.
Rb7 a6 41. Nd2 Rfe8 42. Nc4 Ba1 43. Kg2 Be4 44. Bxe4 Rxe4 45. Kf3 Re6 46. e4
Bd4 47. h4 g4+ 48. Kxg4 Rxe4+ 49. Kf3 Re1 50. Nf4 Rf1+ 51. Kg4 Kg8 52. Rc7 Ra1
53. a4 Rb1 54. Rc6 Rxb3 55. Rxa6 Bf2 56. Rxh6 Bxg3 57. Rf6 Rd4 58. Ne5 Rxf4+
59. Rxf4 Bxf4 60. Kxf4 Rb4+ 61. Kg5 Kg7 62. Ng4 Rxa4 63. Ne3 f6+ 64. Kh5 Rf4
65. Ng2 Rf2 66. Nf4 Kf7 67. Kg4 Rf1 68. Kf5 Ra1 69. Kg4 Ra5 70. Ng2 Kg6 71.
Nf4+ Kh6 72. Ne6 Re5 73. Nf4 f5+ 74. Kf3 Ra5 75. Ng2 Ra4 76. Kg3 Kg6 77. Ne1
Kf6 78. Nf3 Ra3 79. Kf4 Rb3 80. Kg3 Rb4 81. Kh3 Rg4 82. h5 Ra4 83. Kg3 Kg7 84.
Nh4 Rg4+ 85. Kh3 Rg5 86. Nf3 Rxh5+ 87. Kg3 Kf6 88. Kf4 0-1

[Event "15. Sueder Sommerpokal 2005"]
[Site "Recklinghausen GER"]
[Date "2005.08.02"]
[Round "2.6"]
[White "Bubolz, Konstantin"]
[Black "Bakhmatov, Eduard"]
[Result "0-1"]
[WhiteElo "2019"]
[BlackElo "2373"]
[PlyCount "65"]
[EventDate "2005.08.01"]
[EventType "swiss"]
[EventRounds "9"]
[EventCountry "GER"]
[Source "lmi"]
[SourceDate "2005.08.02"]

1. d4 Nf6 2. c4 d6 3. Nc3 e5 4. Nf3 Nbd7 5. Bg5 h6 6. Bh4 c6 7. Qc2 Qa5 8.
O-O-O Be7 9. e3 a6 10. Bd3 b5 11. c5 dxc5 12. Nxe5 Nxe5 13. dxe5 Nd5 14. Nxd5
Bxh4 15. Qxc5 Bb7 16. Nf6+ gxf6 17. Bf5 Rd8 18. Rxd8+ Qxd8 19. Rd1 Qe7 20.
Qxe7+ Kxe7 21. Rd7+ Kf8 22. g3 fxe5 23. gxh4 Ba8 24. Rd8+ Kg7 25. Rxh8 Kxh8 26.
Be4 Kg7 27. Kc2 Kf6 28. Kc3 Ke6 29. Kb4 c5+ 30. Kxc5 Bxe4 31. Kb6 Kd6 32. b4
Kd5 33. Kxa6 0-1

[Event "15. Sueder Sommerpokal 2005"]
[Site "Recklinghausen GER"]
[Date "2005.08.02"]
[Round "2.7"]
[White "Kiseleva, Natalia"]
[Black "Leveikina, Jevgenija"]
[Result "1/2-1/2"]
[WhiteElo "2300"]
[BlackElo "2013"]
[PlyCount "51"]
[EventDate "2005.08.01"]
[EventType "swiss"]
[EventRounds "9"]
[EventCountry "GER"]
[Source "lmi"]
[SourceDate "2005.08.02"]

1. d4 d5 2. c4 Nc6 3. Nc3 Nf6 4. Nf3 e6 5. Bg5 Be7 6. e3 O-O 7. Rc1 dxc4 8.
Bxc4 Nd5 9. Bxe7 Ncxe7 10. O-O Nxc3 11. Rxc3 Nd5 12. Rc1 Nb6 13. Bd3 c6 14. Ne5
Qe7 15. f4 Nd5 16. Rf3 f5 17. Rh3 Nf6 18. g4 g6 19. Rg3 Nxg4 20. Rxg4 fxg4 21.
Qxg4 Rf5 22. Bxf5 exf5 23. Qg3 Be6 24. a3 Rc8 25. h4 Kh8 26. Qg5 1/2-1/2

[Event "15. Sueder Sommerpokal 2005"]
[Site "Recklinghausen GER"]
[Date "2005.08.02"]
[Round "2.8"]
[White "Savchenko, Aleksij"]
[Black "Kummerow, Heiko"]
[Result "1-0"]
[WhiteElo "2013"]
[BlackElo "2296"]
[PlyCount "61"]
[EventDate "2005.08.01"]
[EventType "swiss"]
[EventRounds "9"]
[EventCountry "GER"]
[Source "lmi"]
[SourceDate "2005.08.02"]

1. d4 f5 2. Nc3 Nf6 3. Bg5 d5 4. e3 e6 5. Nf3 Be7 6. Bd3 O-O 7. h4 c6 8. Ne2
Ng4 9. Nf4 Qa5+ 10. c3 Bd6 11. Nh3 Nd7 12. Bf4 e5 13. dxe5 Ndxe5 14. Be2 Qd8
15. Nxe5 Nxe5 16. Qd4 Qe7 17. O-O-O b5 18. Bxb5 Kh8 19. Ba4 Rb8 20. Bb3 Ba6 21.
h5 h6 22. Bxe5 Bxe5 23. Nf4 Rf6 24. Qd2 Bxf4 25. exf4 Re6 26. Rde1 Re8 27. Rxe6
Qxe6 28. Rh3 Qe1+ 29. Bd1 Bf1 30. Qxe1 Rxe1 31. Rh1 1-0

[Event "15. Sueder Sommerpokal 2005"]
[Site "Recklinghausen GER"]
[Date "2005.08.02"]
[Round "2.10"]
[White "Band, Rüdiger"]
[Black "Barskij, Aleksandr"]
[Result "1/2-1/2"]
[WhiteElo "2020"]
[BlackElo "1996"]
[PlyCount "93"]
[EventDate "2005.08.01"]
[EventType "swiss"]
[EventRounds "9"]
[EventCountry "GER"]
[Source "lmi"]
[SourceDate "2005.08.02"]

1. e4 c5 2. Nf3 d6 3. d4 cxd4 4. Nxd4 Nf6 5. Nc3 Nc6 6. Bc4 Qb6 7. Nde2 e6 8.
Bb3 Qc7 9. O-O Be7 10. Bg5 a6 11. Ng3 O-O 12. Nh5 Nxh5 13. Bxe7 Nxe7 14. Qxh5
b5 15. a3 Bb7 16. Rad1 Rad8 17. Rd2 d5 18. exd5 Nxd5 19. Nxd5 Bxd5 20. Bxd5
Rxd5 21. Rxd5 exd5 22. Qxd5 Qxc2 23. Qd4 h6 24. h3 Re8 25. Qc3 Qxc3 26. bxc3
Re2 27. Rc1 Ra2 28. c4 bxc4 29. Rxc4 Rxa3 30. Rc8+ Kh7 31. Ra8 Kg6 32. Ra7 h5
33. h4 a5 34. Ra6+ f6 35. Ra7 Ra2 36. g3 a4 37. Kg2 a3 38. Kf3 Ra1 39. Kg2 Kh6
40. Kf3 Kg6 41. Kf4 Ra2 42. Kf3 Kh6 43. Ra6 Kh7 44. Ra7 Ra1 45. Kf4 Kg6 46. Kf3
Kh6 47. Ra6 1/2-1/2

[Event "15. Sueder Sommerpokal 2005"]
[Site "Recklinghausen GER"]
[Date "2005.08.02"]
[Round "2.11"]
[White "Bischof, Rainer"]
[Black "Kartsev, Soel"]
[Result "1/2-1/2"]
[WhiteElo "2020"]
[BlackElo "2269"]
[PlyCount "45"]
[EventDate "2005.08.01"]
[EventType "swiss"]
[EventRounds "9"]
[EventCountry "GER"]
[Source "lmi"]
[SourceDate "2005.08.02"]

1. d4 Nf6 2. Nf3 c5 3. e3 b6 4. Bd3 Bb7 5. Nbd2 e6 6. O-O Be7 7. c3 O-O 8. Qe2
d6 9. Rd1 Nbd7 10. e4 e5 11. dxe5 dxe5 12. Nf1 Qc7 13. Ng3 Rfe8 14. Bc4 h6 15.
Nh4 Rad8 16. Bxf7+ Kxf7 17. Qc4+ Nd5 18. exd5 Bd6 19. Ne4 Nf6 20. Nxf6 Kxf6 21.
Qe4 Kf7 22. Qg6+ Kf8 23. Nf5 1/2-1/2

[Event "15. Sueder Sommerpokal 2005"]
[Site "Recklinghausen GER"]
[Date "2005.08.02"]
[Round "2.12"]
[White "Hahn, Matthias"]
[Black "Trzaska, Peter"]
[Result "1/2-1/2"]
[WhiteElo "1994"]
[BlackElo "2198"]
[PlyCount "28"]
[EventDate "2005.08.01"]
[EventType "swiss"]
[EventRounds "9"]
[EventCountry "GER"]
[Source "lmi"]
[SourceDate "2005.08.02"]

1. d4 c5 2. Nf3 cxd4 3. Nxd4 d5 4. c4 e5 5. Nf3 d4 6. e3 Nc6 7. exd4 Nxd4 8.
Nc3 Bg4 9. Be2 Nxf3+ 10. Bxf3 Qxd1+ 11. Bxd1 Bxd1 12. Kxd1 O-O-O+ 13. Ke2 Bc5
14. Be3 Bxe3 1/2-1/2

[Event "15. Sueder Sommerpokal 2005"]
[Site "Recklinghausen GER"]
[Date "2005.08.02"]
[Round "2.13"]
[White "Woller, Rainer"]
[Black "Dunst, Wilhelm"]
[Result "1/2-1/2"]
[WhiteElo "2196"]
[BlackElo "1805"]
[PlyCount "32"]
[EventDate "2005.08.01"]
[EventType "swiss"]
[EventRounds "9"]
[EventCountry "GER"]
[Source "lmi"]
[SourceDate "2005.08.02"]

1. e4 e5 2. Nc3 Nf6 3. Nf3 Nc6 4. Bb5 d6 5. d4 Bd7 6. O-O exd4 7. Nxd4 Be7 8.
Re1 O-O 9. h3 Nxd4 10. Qxd4 Bxb5 11. Nxb5 a6 12. Nc3 Nd7 13. Nd5 Bf6 14. Qd3
Re8 15. c3 Nc5 16. Qc2 c6 1/2-1/2

[Event "15. Sueder Sommerpokal 2005"]
[Site "Recklinghausen GER"]
[Date "2005.08.02"]
[Round "2.15"]
[White "Eismont, Igor"]
[Black "Podzielny, Karl-Heinz"]
[Result "0-1"]
[WhiteElo "2292"]
[BlackElo "2452"]
[PlyCount "116"]
[EventDate "2005.08.01"]
[EventType "swiss"]
[EventRounds "9"]
[EventCountry "GER"]
[Source "lmi"]
[SourceDate "2005.08.02"]

1. d4 g6 2. c4 Bg7 3. Nc3 d6 4. e4 Nf6 5. Bd3 O-O 6. Nge2 a5 7. O-O Na6 8. f3
c6 9. Be3 Nd7 10. a3 e5 11. d5 Nac5 12. b3 Nb6 13. a4 f5 14. exf5 gxf5 15. Bc2
cxd5 16. cxd5 Bd7 17. Qd2 Rc8 18. Rab1 Na6 19. Bd3 Nb4 20. Bb5 Bxb5 21. axb5
Nd7 22. Rfc1 Nc5 23. Na4 b6 24. Nec3 Rb8 25. Na2 Nxa2 26. Qxa2 e4 27. fxe4 fxe4
28. Rc4 Qh4 29. Nxc5 bxc5 30. g3 Qg4 31. Qc2 Rbe8 32. Re1 Qf5 33. Qd1 Re5 34.
Qc2 Qg6 35. Bf2 Rfe8 36. Be3 Rxd5 37. b6 Rf5 38. b7 Rff8 39. Bf2 Qf7 40. Rcxe4
Rxe4 41. Rxe4 Qxb7 42. Qd3 Qf7 43. Rf4 Qe6 44. Rg4 Rb8 45. Rc4 Rb4 46. Rxb4
axb4 47. Kg2 Bf8 48. Be3 d5 49. Kf3 c4 50. Qc2 Bg7 51. Bd2 cxb3 52. Qxb3 Qe4+
53. Kf2 Bd4+ 54. Kf1 Bc3 55. Bxc3 Qf3+ 56. Kg1 bxc3 57. Qb8+ Kf7 58. Qc7+ Ke6
0-1

[Event "15. Sueder Sommerpokal 2005"]
[Site "Recklinghausen GER"]
[Date "2005.08.02"]
[Round "2.16"]
[White "Litwak, Aleksej"]
[Black "Langers, Alexander"]
[Result "1-0"]
[WhiteElo "2168"]
[BlackElo "1734"]
[PlyCount "63"]
[EventDate "2005.08.01"]
[EventType "swiss"]
[EventRounds "9"]
[EventCountry "GER"]
[Source "lmi"]
[SourceDate "2005.08.02"]

1. e4 c5 2. Nf3 e6 3. b3 d6 4. d4 cxd4 5. Nxd4 Nf6 6. Bd3 a6 7. O-O Nbd7 8. c4
Be7 9. Nc3 Qc7 10. Kh1 Ne5 11. f4 Ng6 12. Bb2 O-O 13. Qe2 e5 14. fxe5 dxe5 15.
Nf5 Bc5 16. Nxg7 Nf4 17. Rxf4 exf4 18. Nh5 Nxh5 19. Qxh5 f6 20. Nd5 Qg7 21.
Nxf6+ Rxf6 22. Qxc5 f3 23. gxf3 Rc6 24. Qxc6 bxc6 25. Bxg7 Kxg7 26. e5 h6 27.
Rg1+ Kf7 28. Rg6 Bb7 29. Rxh6 Rg8 30. Rh7+ Rg7 31. Rxg7+ Kxg7 32. Be4 1-0

[Event "15. Sueder Sommerpokal 2005"]
[Site "Recklinghausen GER"]
[Date "2005.08.02"]
[Round "2.17"]
[White "Bastians, Felix"]
[Black "Werner, Michael"]
[Result "0-1"]
[WhiteElo "1865"]
[BlackElo "2144"]
[PlyCount "60"]
[EventDate "2005.08.01"]
[EventType "swiss"]
[EventRounds "9"]
[EventCountry "GER"]
[Source "lmi"]
[SourceDate "2005.08.02"]

1. e4 c5 2. Nf3 e6 3. d4 cxd4 4. Nxd4 a6 5. c4 Nf6 6. Nc3 Bb4 7. e5 Qa5 8. exf6
Bxc3+ 9. bxc3 Qxc3+ 10. Qd2 Qxa1 11. Be2 Nc6 12. Nxc6 bxc6 13. O-O Qxf6 14. Ba3
d5 15. cxd5 cxd5 16. Rc1 Bd7 17. Bb2 Qg6 18. Bd3 f5 19. Qb4 Qf7 20. Be5 Qe7 21.
Bd6 Qd8 22. Re1 Kf7 23. Qd4 Re8 24. Qf4 Bb5 25. Bb1 Rc8 26. Be5 Qa5 27. Rd1 Be2
28. Qg5 Rg8 29. Rf1 Bxf1 30. Qh5+ Ke7 0-1

[Event "15. Sueder Sommerpokal 2005"]
[Site "Recklinghausen GER"]
[Date "2005.08.02"]
[Round "2.18"]
[White "Zarges, Stephan"]
[Black "Reinholz, Benjamin"]
[Result "1-0"]
[WhiteElo "2138"]
[BlackElo "1712"]
[PlyCount "45"]
[EventDate "2005.08.01"]
[EventType "swiss"]
[EventRounds "9"]
[EventCountry "GER"]
[Source "lmi"]
[SourceDate "2005.08.02"]

1. e4 e5 2. Nf3 Nc6 3. Bb5 d6 4. d4 exd4 5. Nxd4 Bd7 6. Nc3 g6 7. Be3 Bg7 8. f3
Nge7 9. Qd2 O-O 10. h4 Ne5 11. Bh6 Bxh6 12. Qxh6 Bxb5 13. h5 Re8 14. hxg6 N7xg6
15. Nf5 Qf6 16. Qxh7+ Kf8 17. Nd5 Nxf3+ 18. Kf2 Qxb2 19. Rab1 Qe5 20. Rxb5 Nd4
21. Qh6+ Kg8 22. Nde7+ Qxe7 23. Qg7# 1-0

[Event "15. Sueder Sommerpokal 2005"]
[Site "Recklinghausen GER"]
[Date "2005.08.02"]
[Round "2.19"]
[White "Sharma, Danesh"]
[Black "Hagermann, Hermann"]
[Result "0-1"]
[WhiteElo "1746"]
[BlackElo "2133"]
[PlyCount "63"]
[EventDate "2005.08.01"]
[EventType "swiss"]
[EventRounds "9"]
[EventCountry "GER"]
[Source "lmi"]
[SourceDate "2005.08.02"]

1. e4 e5 2. Nf3 Nc6 3. Bc4 Be7 4. d4 exd4 5. Nxd4 Nf6 6. Nf5 O-O 7. O-O d6 8.
Nc3 Bxf5 9. exf5 Ne5 10. Bb3 c6 11. f4 Qb6+ 12. Kh1 Neg4 13. Qf3 Nh6 14. Be3
Qa5 15. h3 Qxf5 16. g4 Nhxg4 17. hxg4 Nxg4 18. Rg1 Qh5+ 19. Kg2 Qh2+ 20. Kf1
Nxe3+ 21. Qxe3 Bf6 22. Qf3 Qh6 23. Bc4 Bxc3 24. bxc3 Qf6 25. Bd3 g6 26. Rb1
Rab8 27. Rh1 Rfe8 28. Kf2 Qxc3 29. Kg2 Qd2+ 30. Kg3 Re3 31. Qxe3 Qxe3+ 32. Kg4
0-1

[Event "15. Sueder Sommerpokal 2005"]
[Site "Recklinghausen GER"]
[Date "2005.08.02"]
[Round "2.20"]
[White "Weißkopf, Lutz"]
[Black "Kappler, Thomas"]
[Result "1-0"]
[WhiteElo "2122"]
[BlackElo "1688"]
[PlyCount "43"]
[EventDate "2005.08.01"]
[EventType "swiss"]
[EventRounds "9"]
[EventCountry "GER"]
[Source "lmi"]
[SourceDate "2005.08.02"]

1. e4 d5 2. exd5 Nf6 3. d4 Nxd5 4. Nf3 e6 5. c4 Nf6 6. Nc3 b6 7. Be2 Bb7 8. O-O
Be7 9. Bf4 Bd6 10. Ne5 a6 11. Bf3 Qc8 12. Qa4+ Nfd7 13. Ne4 Be7 14. d5 exd5 15.
cxd5 O-O 16. Nc6 Bxc6 17. dxc6 Nc5 18. Nxc5 Bxc5 19. b4 Be7 20. Rfe1 Bd6 21.
Bxd6 cxd6 22. c7 1-0